000 00328 a2200157 4500
001 152600
040 _cEscola São Tomás de Aquino
100 _aALENCAR, José de
240 1 0 _aIracema
_lpor
245 1 0 _aIracema
300 _a64
362 0 _a2003
440 1 _aScipione
697 _a*LITERATURA JUVENIL
942 _cBK
999 _c152600
_d152600